Terraria Secret Seeds 1.4.5 Update - Statistics

General Stats
  • This quiz has been taken 4 times
  • The average score is 3 of 37
Answer Stats
Hint Answer % Correct
Fear of spiders Arachnophobia
100%
Popular Minecraft map in the sky Skyblock
100%
(Couldn't leave this one out) Original EVERYTHING getfixedboi
67%
2 words; rhymes with focus Hocus Pocus
33%
Like mini planets Planetoids
33%
Abandoned rich people housing Abandonded Manors
0%
Lotta Teleporters (when will I stop saying lotta?) Beam Me Up
0%
Gonna need an umbrella Bring a Towel
0%
Rainbows and unicorns everywhere Does that Sparkle
0%
Prepare for Trouble! Make it DOUBLE! (dungeon) Double Daring Dangers
0%
No need for a CLENTAMINATOR Fish Mox
0%
Random place to start the world How did I get Here
0%
♓︎ ♋︎❍︎ ♏︎❒︎❒︎□︎❒︎ iamerror
0%
Can't see any blocks Invisible Plane
0%
Lotta Holes Jagged Rocks
0%
Jingle bells, jingle bells _________ Jingle all the Way
0%
Something is missing if you DIG to the "surface" Mole People
0%
Terraria! Now (not) in color! Monochrome
0%
PLEEEEEEASSEE RELOGIC GIVE ME MORE TRAAAAAAAAPPSSS More Traps Please
0%
Non positive + Infinity Negative Infinity
0%
There's a zoombie on your lawn... Night of the Living Dead
0%
This is Halloween... Pumpkin Season
0%
Where did I put my clentaminator...? Purify This
0%
Popular (yet annoying) track in Mario Kart Rainbow Road
0%
King with cheese? Royale With Cheese
0%
Just deserts (careful not to misspell this one...) Sandy Britches
0%
Lotta Trees Save the Rainforests
0%
VERY HIGH UP Such Great Heights
0%
Involves the Care Bears somehow :/ The Care Bears Movie
0%
Thank you Mario, but your princess is in another castle (The princess he refers to is....) Toadstool
0%
It's Hard! (but early game) Too Easy
0%
Don't forget to wash your hands! Truck Stop
0%
Lotta Liquids Waterpark
0%
DON'T TRUST THE CAKE We Don't Even Test for That
0%
What a horrible night... What a Horrible Night to Have a Curse
0%
Deerclops would love this! Winter is Coming
0%
X-ray _____ X-ray Vision
0%
No matching quizzes found
Score Distribution
Percent of People with Each Score
Percentile by Number Answered
Your Score History
You have not taken this quiz